00519nam a22001697a 450000500170000001000150001702000260003203500140005803700130007208200120008510000210009724500580011826000410017627000880021730000250030550000190033020191018163048.0 aENG-126709 a9789389342765c360.00 aEN-110241 bDBAD/PUB a370.954 aSrinivasan, M.V. aEducation in contemporary India /cby M.V. Srinivasan aNoidabPearson India Educationc2020 a15th Floor, Towe-B, World Trade Tower, Plot No.1, Block-C, Sector-16bNoidae201301 axii;404p.c23cm(pbk) aIncludes index